000
00329nam a2200133Ia 4500
008
191201s2011 xx 000 0 und d
082
_a
510
_b
ISI
100
_a
ISHAN'S
245
0
_a
Solution to engineering mathematics
260
_a
N. delhi
_b
Ishan Publications
_c
2011
300
_a
374
650
_a
Applied
942
_2
ddc
_c
BK
_0
1
999
_c
5176
_d
5176